| 000 | 01109nam a22003015a 4500 | ||
|---|---|---|---|
| 999 |
_c5524 _d5524 |
||
| 003 | EG-ScBUE | ||
| 005 | 20191214144149.0 | ||
| 008 | 150827r20031999enka f 001 0 eng d | ||
| 020 | _a0521498686 (with answers) | ||
| 020 | _a9780521498685 | ||
| 040 |
_aEG-ScBUE _beng _erda _cEG-ScBUE _dEG-ScBUE |
||
| 082 | 0 | 4 |
_a428.24 _bHEW _222 |
| 100 | 1 |
_aHewings, Martin, _eauthor. _928426 |
|
| 245 | 1 | 0 |
_aAdvanced grammar in use : _ba self-study reference and practice book for advanced learners of English : with answers / _cMartin Hewings. |
| 250 | _aTenth printing. | ||
| 264 | 1 |
_aCambridge, UK : _bCambridge University Press, _c2003. |
|
| 300 |
_aix, 340 pages : _billustrations ; _c27 cm |
||
| 336 |
_2rdacontent _atext _btxt |
||
| 337 |
_2rdamedia _aunmediated _bn |
||
| 338 |
_2rdacarrier _avolume _bnc |
||
| 500 | _aIncludes index. | ||
| 520 | _aAdvanced Grammar in Use contains 120 units of advanced grammar explanation and practice. | ||
| 590 | _aamira yasser | ||
| 650 | 7 |
_aEnglish language _xGrammar. _2BUEsh |
|
| 653 |
_cAugust2015 _bHHUUEENN |
||
| 655 | _vReading book | ||
| 942 |
_cBB _k428.24HEW _2ddc |
||